000 00414nam a2200169Ia 4500
001 20402
003 IN-NITTTR
005 20251114233233.0
008 251113s9999||||xx |||||||||||||| ||eng||
040 _beng
040 _cIN-NITTTR
041 _aeng
082 _a025 R35M
100 _aRiaz, Muhammad
245 0 _aModern techniques of documentation and information work /
_cRiaz, Muhammad
942 _2ddc
_cBK
999 _c23035
_d23035